| 000 | 01816nam0a22003251 4500 | ||
|---|---|---|---|
| 001 | v19\rc\2088023 | ||
| 005 | 20260406142144.0 | ||
| 035 | _a(NLR Aleph) 005276725 | ||
| 090 |
_a6056085 _c6056085 |
||
| 100 | _a20081218d1913 |||y0rusy50 ca | ||
| 101 | 0 | _arus | |
| 102 | _aRU | ||
| 105 | _ay z ||||| | ||
| 200 | 1 |
_aАлександровская эпоха _eПушкин, Гоголь, Лермонтов, Кольцов и Белинский _fА. Липовский и Д. Жохов |
|
| 205 | _a2-е изд., испр. | ||
| 210 |
_aСанкт-Петербург _aКиев _cСотрудник _d1913 |
||
| 215 |
_aIV, 339 с. _d23 |
||
| 225 | 1 |
_aОчерки по истории русской литературы _eДевятнадцатый век _fПроф. А. Бороздин, А. Липовский, Д. Жохов [и др.] _vВып. 1 |
|
| 700 | 1 |
_8rus _7ca _aЛиповский _bА. Л. _f1867-1942 _gАлександр Лаврентьевич _3RU\NLR\AUTH\7785745 _968673 |
|
| 701 | 1 |
_8rus _7ca _aЖохов _bД. П. _f1881- _gДмитрий Павлович _3RU\NLR\AUTH\7783970 _966898 |
|
| 702 | 1 |
_4570 _8rus _7ca _aПушкин _bА. С. _cпоэт _f1799-1837 _gАлександр Сергеевич _3RU\NLR\AUTH\77386 _9110441 |
|
| 702 | 1 |
_4570 _8rus _7ca _aГоголь _bН. В. _f1809-1852 _gНиколай Васильевич _3RU\NLR\AUTH\773480 _9113476 |
|
| 702 | 1 |
_4570 _8rus _7ca _aЛермонтов _bМ. Ю. _cпоэт _f1814-1841 _gМихаил Юрьевич _3RU\NLR\auth\77328 _9110383 |
|
| 702 | 1 |
_4570 _8rus _7ca _aКольцов _bА. В. _gАлексей Васильевич _f1809-1842 _3RU\NLR\AUTH\7729713 _912741 |
|
| 801 | 0 |
_aRU _bNLR _c20081218 _gpsbo |
|
| 801 | 1 |
_aRU _bProSoft-M _c20081218 _2rusmarc |
|
| 801 | 2 |
_aRU _bNLR _c20100215 _2rusmarc |
|
| 852 |
_aNLR _j92-5/962 |
||
| 942 | _cBOOK | ||
| 980 | _aNB | ||